Malaysian water sector reform policy and performance /

Bibliographic Details
Main Author: Kim, Ching Thoo.
Corporate Author: ProQuest (Firm)
Format: Electronic eBook
Language:English
Published: Wageningen, The Netherlands : Wageningen Academic Publishers, 2012.
Series:Environmental policy series (Wageningen, Netherlands) ; v. 8.
Subjects:
Online Access:Click to View
LEADER 01433nam a2200361 a 4500
001 EBC3415177
003 MiAaPQ
005 20200520144314.0
006 m o d |
007 cr cn|||||||||
008 130501s2012 ne abd sb 000 0 eng d
020 |z 9789086862191 
020 |z 9789086867738 (e-book) 
035 |a (MiAaPQ)EBC3415177 
035 |a (Au-PeEL)EBL3415177 
035 |a (CaPaEBR)ebr10688307 
035 |a (OCoLC)846948683 
040 |a MiAaPQ  |c MiAaPQ  |d MiAaPQ 
043 |a a-my--- 
050 4 |a HD1698.M4  |b K56 2012 
100 1 |a Kim, Ching Thoo. 
245 1 0 |a Malaysian water sector reform  |h [electronic resource] :  |b policy and performance /  |c Ching Thoo Kim. 
260 |a Wageningen, The Netherlands :  |b Wageningen Academic Publishers,  |c 2012. 
300 |a 237 p. :  |b ill., maps. 
490 1 |a Environmental policy series ;  |v v. 8 
504 |a Includes bibliographical references. 
533 |a Electronic reproduction. Ann Arbor, MI : ProQuest, 2015. Available via World Wide Web. Access may be limited to ProQuest affiliated libraries. 
650 0 |a Water resources development  |z Malaysia. 
650 0 |a Water resources development  |x Government policy  |z Malaysia. 
655 4 |a Electronic books. 
710 2 |a ProQuest (Firm) 
830 0 |a Environmental policy series (Wageningen, Netherlands) ;  |v v. 8. 
856 4 0 |u https://ebookcentral.proquest.com/lib/matrademy/detail.action?docID=3415177  |z Click to View